Normal view
MARC view
- Periodicals
Entry Genre/Form Term
001 - CONTROL NUMBER
- control field: 11416
003 - CONTROL NUMBER IDENTIFIER
- control field: NUST
005 - DATE AND TIME OF LATEST TRANSACTION
- control field: 20180703111813.0
008 - FIXED-LENGTH DATA ELEMENTS
- fixed length control field: 180703|| aca||aabn | a|a d
040 ## - CATALOGING SOURCE
- Original cataloging agency: NUST
- Transcribing agency: NUST
155 ## - HEADING--GENRE/FORM TERM
- Genre/form term: Periodicals
- Geographic subdivision: China
- Chronological subdivision: 1957-9999.
670 ## - SOURCE DATA FOUND
- Source citation: Work cat.: (NUST)0: Yu Dong, Chinese culture., [-1999]
